| 000 | 01145cab a2200205 4500 | ||
|---|---|---|---|
| 001 | ABS37619 | ||
| 008 | 090401t1986 xxu||||| |||| 00| 0 eng d | ||
| 035 | _a(Sirsi) u5620 | ||
| 041 | _aeng | ||
| 100 | _aStreet, E.A. | ||
| 245 | _aLand restoration after minerals extraction: the role of minerals planning authorities | ||
| 260 | _c1986 | ||
| 350 | _a0 | ||
| 490 |
_aTown Planning Review _v57(4) 1986, 382-403(22) |
||
| 520 | _aThe question of whether land would be well restored after mineral extraction if there was no planning control cannot be tested, since control has been in operation in Great Britain since 1932. This paper, therefore, examines the different approaches taken to control extraction by different mineral planning authorities. Using field studies of seventeen sites in five different counties, the author comes to some useful conclusions about how the mineral planning authority can influence the quality of land restoration following mineral extraction. (Journal Abstract) References, tables. | ||
| 650 | _aTOWN AND COUNTRY PLANNING ACT 1971 | ||
| 690 | _aMINING AND MINERALS | ||
| 942 | _n0 | ||
| 948 | _c04/03/1997 | ||
| 999 |
_c3354 _d3354 |
||